000 00954cad a22002175a 4500
001 E153023
008 110524e20110523xxka f s000 0 eng d
035 _a(Sirsi) u153024
041 0 _aeng
100 1 _aRehfisch, Alan
245 0 4 _aTransport in Scotland
_h[electronic resource]
260 _aEdinburgh
_bScottish Parliament
_c2011
490 0 _aSPICe Briefing
_v(11/34) 23 May 2011
520 _aDiscusses various forms of transport in Scotland, including walking, cycling, road, rail, air, bus, water and freight. Looks at the legislation and policy relating to transport, highlights relevant organisations, and analyses current issues.
521 _aAdvanced
590 _aKA
651 4 _aScotland
_y1999-
690 _aPROPERTY-INFRASTRUCTURE-TRANSPORT INFRASTRUCTURE
856 4 0 _uhttps://www.scottish.parliament.uk/business/research/briefings-11/SB11-34.pdf
_zView the briefing free of charge at www.scottish.parliament.uk
942 _n0
999 _c112335
_d112335